ARRUPE JESUIT UNIVERSITY

CORONAVIRUS -STOP THE SPREAD - CLEAN,DISINFECT,COVER

Camp fire yarns of the lost legion / (Record no. 124036)

MARC details
000 -LEADER
fixed length control field 01094cam a22003013u 4500
001 - CONTROL NUMBER
control field 11095469
003 - CONTROL NUMBER IDENTIFIER
control field ARRUPE
005 - DATE AND TIME OF LATEST TRANSACTION
control field 20160126113619.0
006 - FIXED-LENGTH DATA ELEMENTS--ADDITIONAL MATERIAL CHARACTERISTICS--GENERAL INFORMATION
fixed length control field m d
007 - PHYSICAL DESCRIPTION FIXED FIELD--GENERAL INFORMATION
fixed length control field cr n
008 - FIXED-LENGTH DATA ELEMENTS--GENERAL INFORMATION
fixed length control field 141214s1913 ||||||||s|||||||| ||||| d
035 ## - SYSTEM CONTROL NUMBER
System control number (WaSeSS)ssib007188290
040 ## - CATALOGING SOURCE
Original cataloging agency WaSeSS
Transcribing agency WaSeSS
Modifying agency WaSeSS
Description conventions rda
100 1# - MAIN ENTRY--PERSONAL NAME
Personal name Hamilton-Browne, G.
9 (RLIN) 21794
210 10 - ABBREVIATED TITLE
Abbreviated title Camp fire yarns of the lost legion /
245 10 - TITLE STATEMENT
Title Camp fire yarns of the lost legion /
Statement of responsibility, etc Hamilton-Browne, G.
260 ## - PUBLICATION, DISTRIBUTION, ETC. (IMPRINT)
Place of publication, distribution, etc London
Name of publisher, distributor, etc T. Werner Laurie LTD.
500 ## - GENERAL NOTE
General note Title from content provider.
506 ## - RESTRICTIONS ON ACCESS NOTE
Terms governing access License restrictions may limit access.
650 ## - SUBJECT ADDED ENTRY--TOPICAL TERM
Topical term or geographic name as entry element Maori
General subdivision (New zealand people)
9 (RLIN) 21795
650 ## - SUBJECT ADDED ENTRY--TOPICAL TERM
General subdivision History
Geographic subdivision New Zealand
9 (RLIN) 21796
650 ## - SUBJECT ADDED ENTRY--TOPICAL TERM
General subdivision History
Geographic subdivision Africa, South
9 (RLIN) 21797
700 1# - ADDED ENTRY--PERSONAL NAME
Personal name Hamilton-Browne, G. Colonel.
9 (RLIN) 21798
773 #0 - HOST ITEM ENTRY
Title Project Gutenberg Online Catalog
856 40 - ELECTRONIC LOCATION AND ACCESS
Uniform Resource Identifier <a href="http://www.columbia.edu/cgi-bin/cul/resolve?clio11095469">http://www.columbia.edu/cgi-bin/cul/resolve?clio11095469</a>
Public note Full text available from Project Gutenberg Online Catalog
910 ## - USER-OPTION DATA (OCLC)
User-option data Serials Solutions supplemental brief record
942 ## - ADDED ENTRY ELEMENTS (KOHA)
Source of classification or shelving scheme Library of Congress Classification
Koha item type SPC
Holdings
Withdrawn status Lost status Source of classification or shelving scheme Damaged status Not for loan Collection code Home library Current library Shelving location Date acquired Total Checkouts Full call number Barcode Date last seen Price effective from Koha item type
    Library of Congress Classification     SPECIAL Collection ARRUPE LIBRARY ARRUPE LIBRARY Reference 26/01/2016   SPC DU420.H3 46500006121 26/01/2016 26/01/2016 SPC

 

Arrupe Library. PO Box MP320 Mt Pleasant, Harare, Zimbabwe
263 242 745411|librarian@aju.ac.zw